Về phương pháp nghiên cứu, biên soạn và giảng dạy lịch sử Đảng Cộng sản Việt Nam

محفوظ في:
التفاصيل البيبلوغرافية
المؤلف الرئيسي: Triệu, Quang Tiến
مؤلفون آخرون: Trần, Thị Thu Hương
التنسيق: كتاب
اللغة:Undetermined
منشور في: H. Lý luận chính trị 2008
الموضوعات:
الوصول للمادة أونلاين:http://lrc.tdmu.edu.vn/opac/search/detail.asp?aID=2&ID=5975
الوسوم: إضافة وسم
لا توجد وسوم, كن أول من يضع وسما على هذه التسجيلة!
Thư viện lưu trữ: Trung tâm Học liệu Trường Đại học Thủ Dầu Một
LEADER 00785nam a2200205Ia 4500
001 TDMU_5975
008 210410s9999 xx 000 0 und d
082 |a 324.25970709 
090 |b TR309 
100 |a Triệu, Quang Tiến 
245 0 |a Về phương pháp nghiên cứu, biên soạn và giảng dạy lịch sử Đảng Cộng sản Việt Nam 
245 0 |c Triệu Quang Tiến 
260 |a H. 
260 |b Lý luận chính trị 
260 |c 2008 
300 |a 358tr 
650 |a Đảng Cộng sản Việt Nam  |x Dạy và học  |x Phương pháp 
700 |a Trần, Thị Thu Hương 
856 |u http://lrc.tdmu.edu.vn/opac/search/detail.asp?aID=2&ID=5975 
980 |a Trung tâm Học liệu Trường Đại học Thủ Dầu Một